000 00302nam a22001337a 4500
008 170324b xxu||||| |||| 00| 0 eng d
020 _a9780965683623
041 _aeng
080 _a615.83
100 _a8
101 _aSHM
245 _aRACE, EVOLUTION, AND BEHAVIOUR
_cRUSHTON, J.P
942 _2udc
_cBK
999 _c8595
_d8595